Central Library OPAC University of Rajshahi

Concept of genetics for college & university students / (Record no. 12512)

MARC details
000 -LEADER
fixed length control field 00644pam a2200229 a 4500
001 - CONTROL NUMBER
control field 12512
003 - CONTROL NUMBER IDENTIFIER
rucl marc code BD-RjUL
005 - DATE AND TIME OF LATEST TRANSACTION
control field 20211208235316.0
008 - FIXED-LENGTH DATA ELEMENTS--GENERAL INFORMATION
fixed length control field 140129r2000 ii a 000 0 eng d
020 ## - INTERNATIONAL STANDARD BOOK NUMBER
International Standard Book Number 8171334822
035 ## - SYSTEM CONTROL NUMBER
System control number (BD-RjUL)12561
040 ## - CATALOGING SOURCE
Original cataloging agency BD-RjUL
Transcribing agency BD-RjUL
Language of cataloging eng
041 ## - LANGUAGE CODE
Language code of text/sound track or separate title eng
082 00 - DEWEY DECIMAL CLASSIFICATION NUMBER
Classification number 575.1
Edition number 20
Author mark and year KOC 2000
100 1# - MAIN ENTRY--PERSONAL NAME
Personal name Kotpal, R. L.
9 (RLIN) 38954
245 10 - TITLE STATEMENT
Title Concept of genetics for college & university students /
Statement of responsibility, etc. R. L. Kotpal.
260 ## - PUBLICATION, DISTRIBUTION, ETC. (IMPRINT)
Place of publication, distribution, etc. India :
Name of publisher, distributor, etc. Rastogi Publications,
Date of publication, distribution, etc. 2000.
300 ## - PHYSICAL DESCRIPTION
Pagination viii, 258 p. :
Illustrations ill. ;
Size 20 cm.
650 #0 - SUBJECT ADDED ENTRY--TOPICAL TERM
Topical term or geographic name as entry element Genetics.
9 (RLIN) 38955
942 ## - ADDED ENTRY ELEMENTS (KOHA)
Source of classification or shelving scheme Dewey Decimal Classification
Koha item type Books
Holdings
Lost status Source of classification or shelving scheme Damaged status Not for loan Collection code Permanent Location Current Location Shelving location Date acquired Source of acquisition Cost, normal purchase price Total Checkouts Full call number Date last seen Copy number Koha item type Date checked out
  Dewey Decimal Classification     Non-fiction Central Library, University of Rajshahi Central Library, University of Rajshahi   19/08/2010 paragon Interprises Dhaka 45.00   575.1 KOC 2000 29/01/2014 C-3 Books  
  Dewey Decimal Classification   Not For Loan Non-fiction Central Library, University of Rajshahi Central Library, University of Rajshahi Reading Room 19/08/2010 Dhaka, Paragon Enterprises Ltd. 45.00   575.1 KOC 2000 22/05/2017 C-1 Books  
  Dewey Decimal Classification     Non-fiction Central Library, University of Rajshahi Central Library, University of Rajshahi   19/08/2010 Dhaka, Paragon Enterprises Ltd. 45.00   575.1 KOC 2000 22/05/2017 C-2 Books  
  Dewey Decimal Classification     Non-fiction Central Library, University of Rajshahi Central Library, University of Rajshahi   19/08/2010 Dhaka, Paragon Enterprises Ltd. 45.00 11 575.1 KOC 2000 19/06/2025 C-4 Books 28/05/2025